000 00468nam a22001817a 4500
003 NUST-PNEC
005 20170114142444.0
008 140331b xxu||||| |||| 00| 0 eng d
040 _cPNEC
082 _a515.15 YUS
100 _99
_aYusuf S.M
245 _aCalculus with Analytic Geometry
_cS.M YUSUF, Muhammad Amin
250 _a5th
260 _aLahore
_bilmi kitab khana
_cc.2002
300 _axii, 525 p.
_bill:
_c22 cm
650 _xME, BSMIS, EE
942 _2ddc
_cBK
999 _c59968
_d59968